Lyrics from the Sleeping Beauty song Once Upon a Dream - Statistics

General Stats
  • This quiz has been taken 75 times
    72 since last reset
  • The average score is 127 of 141
Answer Stats
Answer % Correct
a
100%
I
100%
dream.
98%
know
98%
know,
98%
once
98%
once.
98%
the
98%
The
98%
upon
98%
you
98%
you,
98%
with
96%
so
93%
in
91%
me
91%
walked
91%
did
89%
do.
89%
eyes
89%
way
89%
you'll
89%
You'll
89%
your
89%
But
87%
if
87%
love
87%
that
87%
what
87%
at
84%
And
82%
familiar
82%
gleam
82%
gleam.
82%
is
82%
it's
82%
true
80%
seem.
73%
are
71%
they
71%
visions
64%
seldom
60%
all
56%
Yet
13%
No matching quizzes found
Score Distribution
Percent of People with Each Score
Percentile by Number Answered
Your Score History
You have not taken this quiz since the last reset